000 00669nam a2200277Ia 4500
005 20260324113810.0
008 008 260324s9999 xx 000 0 eng d
020 _a9781003332930
037 _aEBOOK
040 _aCRL
040 _beng
040 _cCRL
041 _2eng
041 _aeng
084 _qCRL
100 _aMichael Siebert
_91148220
245 0 _aApplying a Systems Thinking Approach to the Construction Industry
260 _bTaylor and Francis
260 _c2023
365 _a
365 _b290
856 _uhttp://www.taylorfrancis.com/books/9781003332930
942 _cEBOOK
999 _c1738057
_d1738057